000 00536ntaaa2200205 4500
003 01
005 20251027202855.0
008 0714s1973 ag 01
020 _a0805462333
040 _aAR-BaBN
_bspa
_cAR-BaBN
_eaacr
_dRIC
082 _a269.1000 T37ci
100 _aThompson Jr., W. Oscar
_929254
245 _aConcentric circles of concern
250 _a1 ed.
260 _aNashville :
_bBroadman Press,
_c1981
300 _a168 p ;
_c21 cm
650 _apsicologia pastoral
700 _aThompson, Carolyn
_929255
942 _cBK
999 _c24101
_d24101